[Event "Bundesliga 2013-14"]
[Site "Katernberg GER"]
[Date "2014.03.16"]
[Round "12"]
[Board "5"]
[White "Janssen, Ruud"]
[Black "Hoffmann, Michael1"]
[Result "1/2-1/2"]
[WhiteTitle "GM"]
[BlackTitle "GM"]
[WhiteElo "2471"]
[BlackElo "2462"]
[WhiteTeam "SK Turm Emsdetten"]
[BlackTeam "SG Solingen"]
[WhiteFideId "1004816"]
[BlackFideId "4601297"]
[EventDate "2013.10.12"]
[EventType "team"]

1. Nf3 Nf6 2. c4 e6 3. g3 d5 4. Bg2 Be7 5. O-O O-O 6. b3 c5 7. e3 Nc6 8. Bb2 d4
9. exd4 cxd4 10. Re1 Re8 11. a3 a5 12. d3 Rb8 13. Nbd2 b6 14. Ng5 Bb7 15. Bxc6
Bxc6 16. Ndf3 Bxf3 17. Nxf3 Bc5 18. Bc1 Qe7 19. Bg5 Rbc8 20. Re4 h6 21. Bxf6
Qxf6 22. Ne1 e5 23. Nc2 Qc6 24. Qh5 Bd6 25. Rae1 b5 26. f4 a4 27. b4 bxc4 28.
fxe5 cxd3 29. Nxd4 Qd5 30. Nf5 d2 31. Nxh6+ Kf8 32. Rf1 Rc1 33. Rf4 Rxf1+ 34.
Rxf1 gxh6 35. Qxh6+ Kg8 36. Qg5+ Kf8 37. Qh6+ Kg8 38. Qg5+ 1/2-1/2

[Event "Bundesliga 2013-14"]
[Site "Eppingen GER"]
[Date "2014.04.04"]
[Round "13"]
[Board "6"]
[White "Dann, Matthias"]
[Black "Muse, Drazen"]
[Result "1-0"]
[WhiteTitle "IM"]
[BlackTitle "IM"]
[WhiteElo "2450"]
[BlackElo "2408"]
[WhiteTeam "SF Berlin 1903"]
[BlackTeam "SK Koenig Tegel"]
[WhiteFideId "24638056"]
[BlackFideId "4617592"]
[EventDate "2013.10.12"]
[EventType "team"]

1. e4 Nc6 2. Nf3 e5 3. Bb5 Nf6 4. d3 d6 5. c3 Be7 6. Nbd2 a6 7. Ba4 O-O 8. Nf1
b5 9. Bc2 Re8 10. Ng3 Bf8 11. O-O g6 12. Re1 Bg7 13. h3 Bb7 14. Nh2 Nb8 15. f4
c5 16. fxe5 Rxe5 17. Bf4 Re8 18. Qd2 Qb6 19. a4 Nbd7 20. a5 Qc7 21. d4 Rac8 22.
Bd3 Nf8 23. d5 h5 24. Nf3 N6d7 25. Rf1 Ne5 26. Nxe5 Bxe5 27. Bxe5 Rxe5 28. Rf4
Nd7 29. Nf1 Rce8 30. Ne3 c4 31. Bc2 Nc5 32. Qd4 f5 33. exf5 Rxe3 34. f6 Re1+ 35.
Kh2 Rxa1 36. f7+ Qxf7 37. Rxf7 Kxf7 38. Qf4+ Ke7 39. Bxg6 Rf8 40. Qg5+ Rf6 41.
Bxh5 Rf1 42. Bf3 Rxf3 43. gxf3 Nd3 44. Qe3+ Kd7 45. Qe4 Ne5 46. f4 Ng6 47. Qd4
Rxf4 48. Qa7 Kc8 49. Qe3 Bxd5 50. Qe8+ Kc7 51. Qxg6 Rf2+ 52. Kg1 Rxb2 53. Qg7+
Kc6 54. Qa7 b4 55. Qxa6+ Kd7 56. Qa7+ Kc6 57. Qb6+ Kd7 58. Qd4 Ke6 59. cxb4 Rxb4
60. a6 Ra4 61. a7 Ra3 62. Kf2 c3 63. Ke3 Ra1 64. h4 Re1+ 65. Kf2 c2 66. Qxd5+
Kxd5 67. a8=Q+ Kc4 68. Qa4+ Kd3 69. Qb3+ 1-0

[Event "Bundesliga 2013-14"]
[Site "Eppingen GER"]
[Date "2014.04.05"]
[Round "14"]
[Board "4"]
[White "Galyas, Miklos"]
[Black "Hirneise, Tobias"]
[Result "1/2-1/2"]
[WhiteTitle "IM"]
[BlackTitle "IM"]
[WhiteElo "2435"]
[BlackElo "2440"]
[WhiteTeam "SG Trier"]
[BlackTeam "SV Wattenscheid 1930"]
[WhiteFideId "707244"]
[BlackFideId "24600881"]
[EventDate "2013.10.12"]
[EventType "team"]

1. d4 Nf6 2. c4 e6 3. Nc3 Bb4 4. e3 O-O 5. Ne2 d5 6. a3 Bd6 7. Ng3 c5 8. dxc5
Bxc5 9. cxd5 exd5 10. Be2 Nc6 11. b4 Be7 12. O-O Be6 13. Bb2 d4 14. exd4 Nxd4
15. Nce4 Nxe2+ 16. Qxe2 Nxe4 17. Nxe4 Qb6 18. Rac1 Rac8 19. Nc5 Bxc5 20. bxc5
Qc6 21. Rfd1 Rfd8 22. Qe3 f6 23. h3 Bd5 24. Qg3 Kf7 25. Rd4 Be6 26. Rf4 Rd5 27.
Qf3 Kg8 28. Rxf6 Rg5 29. Qxc6 Rxc6 30. Rf3 Rgxc5 31. Rfc3 Rxc3 32. Bxc3 Kf7 33.
Bb2 Bc4 34. Bd4 a6 35. Rc3 g6 36. Re3 b5 37. Bc3 Re6 38. Rxe6 Kxe6 39. f3 Kd5
40. Kf2 Bd3 41. Ke3 Kc4 42. Bb4 Bb1 43. h4 Kd5 1/2-1/2

[Event "Bundesliga 2013-14"]
[Site "Eppingen GER"]
[Date "2014.04.05"]
[Round "14"]
[Board "5"]
[White "Beikert, Guenther"]
[Black "Heinemann, Thies"]
[Result "1/2-1/2"]
[WhiteTitle "IM"]
[BlackTitle "IM"]
[WhiteElo "2422"]
[BlackElo "2461"]
[WhiteTeam "SC Viernheim"]
[BlackTeam "Hamburger SK"]
[WhiteFideId "4614186"]
[BlackFideId "4601556"]
[EventDate "2013.10.12"]
[EventType "team"]

1. d4 Nf6 2. c4 e6 3. Nc3 Bb4 4. e3 b6 5. Ne2 c5 6. a3 Ba5 7. Qa4 Na6 8. Bd2 O-O
9. b4 cxb4 10. Nb5 bxa3 11. Bxa5 bxa5 12. Nec3 Nb4 13. Be2 Bb7 14. O-O d6 15.
Nxa3 Bc6 16. Qd1 a6 17. Qd2 Qc7 18. Rfc1 Rfc8 19. Qd1 Qd8 20. Nab1 Ne4 21. Nxe4
Bxe4 22. Nc3 Bc6 23. Ra3 Bb7 24. Rca1 Nc6 25. Ne4 Ne7 26. Nd2 Nc6 27. Nb3 Rcb8
28. Nxa5 Nxa5 29. Rxa5 h6 30. h3 Qc7 31. Bd3 Bc8 32. Qg4 Qe7 33. Qe4 g6 34. Qf4
Kg7 35. c5 dxc5 36. Rxc5 Qf6 37. Qg3 Rb2 38. Rca5 Bb7 39. Bxa6 Rxa6 40. Rxa6
Bxa6 41. Rxa6 h5 42. Ra5 h4 43. Qf3 Rb1+ 44. Kh2 Rb2 45. Qxf6+ Kxf6 46. f3 Rb1
47. Re5 g5 48. Re4 Kf5 49. Rg4 Rf1 50. e4+ Kg6 51. f4 f6 52. fxg5 fxg5 53. g3
Rf2+ 54. Kg1 hxg3 55. h4 Rd2 56. Rxg5+ Kh6 57. Re5 Kg6 58. Rxe6+ Kh5 59. d5 Kg4
60. Rf6 Kh3 61. Rf1 1/2-1/2